Experiencias de desarrollo económico local en Nicaragua

Bibliographic Details
Main Author: Montalva Avendaño, Luis
Format: Section = Libro
Language:Undetermined
Spanish
Published: Nicaragua [s.e.] 2003
Subjects:
LEADER 00471nam a2200169Ia 4500
008 240830s9999 xx 000 0 und d
040 |a B-ESTELÍ- RUACS / 330.9 M763 
041 |a spa 
082 |a 330.9 M763 
100 1 |a Montalva Avendaño, Luis 
245 1 0 |a Experiencias de desarrollo económico local en Nicaragua 
260 |a Nicaragua  |b [s.e.]  |c 2003 
300 |a 87 p:il 
650 7 |a DESARROLLO - ECONOMIA - NICARAGUA 
942 |c BK  |2 ddc 
991 |a TEXTO 
999 |c 10725